| 000 -LEADER |
| fixed length control field |
00681cam a2200181 a 4500 |
| 020 ## - INTERNATIONAL STANDARD BOOK NUMBER |
| ISBN |
0702224421 (pbk.) |
| 040 ## - CATALOGING SOURCE |
| Transcribing agency |
DLC |
| 082 00 - DEWEY DECIMAL CLASSIFICATION NUMBER |
| Classification number |
959 DIS 1992 A100 Or. |
| 100 1# - MAIN ENTRY--AUTHOR NAME |
| Personal name |
Dennis, D. J. |
| 245 10 - TITLE STATEMENT |
| Title |
One day at a time : |
| Remainder of title |
a Vietnam diary / |
| 260 ## - PUBLICATION, DISTRIBUTION, ETC. (IMPRINT) |
| Place of publication |
St. Lucia, Qld., Australia : |
| Name of publisher |
University of Queensland Press ; |
| Place of publication |
Portland, OR : |
| Name of publisher |
Distributed in the USA and Canada by International Specialized Book Services, |
| Year of publication |
1992. |
| 300 ## - PHYSICAL DESCRIPTION |
| Number of Pages |
x, 161 p. : |
| Other physical details |
ill. ; |
| Dimensions |
20 cm. |
| 490 0# - SERIES STATEMENT |
| Series statement |
UQP paperbacks |
| 650 #0 - SUBJECT ADDED ENTRY--TOPICAL TERM |
| Topical Term |
Vietnam War, 1961-1975 |
| 650 #0 - SUBJECT ADDED ENTRY--TOPICAL TERM |
| Topical Term |
Tet Offensive, 1968 |
| 856 ## - ELECTRONIC LOCATION AND ACCESS |
| Uniform Resource Identifier |
https://drive.google.com/file/d/1y3kmBmLrgtB9FjlECpldLpfT3AlCUF2d/view?usp=sharing |
| 942 ## - ADDED ENTRY ELEMENTS (KOHA) |
| Koha item type |
សៀវភៅភាសាអង់គ្លេស |
| 952 ## - LOCATION AND ITEM INFORMATION (KOHA) |
| Withdrawn status [LOCAL, KOHA] |
0 |